| 000 | 00899nam a2200241 a 4500 | ||
|---|---|---|---|
| 001 | 000046834 | ||
| 003 | DO-SdBNP | ||
| 005 | 20221005105959.0 | ||
| 008 | 180402s2015 dr a 000 0 spa d | ||
| 020 | _a9789945896541 | ||
| 040 |
_aDO-SdBNP _bspa _cBNPHU |
||
| 082 | 4 |
_a 972.9364 _bP214r _222 |
|
| 245 | 0 | 0 |
_aPapeles de Río San Juan / _ccompilador Leoncio Bisonó. |
| 260 |
_aSanto Domingo : _bOpus, _c2015. |
||
| 300 |
_a844 p. : _bil., fots. rets. ; _c23 cm. |
||
| 500 | _aIncluye referencias bibliográficas y notas al pie de las páginas | ||
| 590 | _aInventariado, 2018/BT | ||
| 651 | 4 |
_aRío San Juan (Provincia María Trinidad Sánchez) _xHistoria local _vFuentes _982490 |
|
| 651 | 4 |
_aRío San Juan (Provincia María Trinidad Sánchez) _vVida social y costumbres _982491 |
|
| 700 | 1 |
_aBisonó, Leoncio, _ecomp. _974783 |
|
| 910 | _aValidado. Control de calidad MFF | ||
| 942 |
_2ddc _cLBS1 |
||
| 999 |
_c46323 _d46323 |
||